Historias policíacas divertidas / (Registro nro. 10952)

Detalles MARC
000 -LIDER
fixed length control field 01037nam a22003257a 4500
001 - NÚMERO DE CONTROL
Identificador de número de control 000403
003 - IDENTIFICACDOR DE NÚMERO DE CONTROL
control field DO-SdBPM
005 - DATE AND TIME OF LATEST TRANSACTION
control field 20250115101933.0
007 - CAMPOS FIJOS DE DESCRIPCIÓN FÍSICA
fixed length control field 000403
008 - ELEMENTOS DE LONGITUD FIJA
fixed length control field 160720b1997 sp | 00| 0 spa d
020 ## - ISBN
International Standard Book Number 8423990168
040 ## - FUENTE DE CATALOGACIÓN
Agencia que crea de manera original el registro DO-SdBPM
Idioma de catalogación spa
Agencia que realiza la transcripción BPMSU
082 #4 - NÚMERO DE CLASIFICACIÓN DECIMAL DE DEWEY
Classification number 833.91
Item number E19h 1997
Edition number 22
092 ## - LOCALLY ASSIGNED DEWEY DECIMAL CALL NUMBER
Número de clasificación xxxxx
Número de ítem (Cutter) xxxxx
100 1# - ASIENTO PRINCIPAL -- NOMBRE PERSONAL
Nombre personal Ecke, Wolfgang
Fechas asociadas con el nombre 1927-1983.
240 10 - TITULO UNIFORME
Título uniforme Kriminalistisches Schmunzelkabinett.
Idioma de una obra Español
245 10 - MENCIÓN DE TITULO
Título Historias policíacas divertidas /
Mención de responsabilidad Wolfgang Ecke ; traducción de Luis Pastor ; ilustraciones Gerhard Brinkmann.
250 ## - MENCIÓN DE EDICION
Mención de edición 9a. ed
260 ## - PUBLICACIÓN, DISTRIBUCIÓN, ETC. (PIE DE IMPRENTA)
Lugar de publicación, distribución, etc Madrid :
Nombre del editor, distribuidor, etc. Espasa-Calpe,
Fecha de publicación, distribución, etc 1997.
300 ## - DESCRIPCIÓN FÍSICA
Extensión 194 p. :
Otros detalles físicos il. ;
Dimensiones 20 cm.
490 0# - MENCIÓN DE SERIES
Mención de serie Espasa juvenil,
Volume/sequential designation 5
590 ## - NOTA LOCAL
Texto de la nota local Inventariado, 2025/VM
650 #4 - ENCABEZAMIENTO DE MATERIA--TEMÁTICO
Término temático o nombre geográfico como elemento de entrada Cuentos juveniles alemanes
650 #4 - ENCABEZAMIENTO DE MATERIA--TEMÁTICO
Término temático o nombre geográfico como elemento de entrada Cuentos policíacos
650 #4 - ENCABEZAMIENTO DE MATERIA--TEMÁTICO
Término temático o nombre geográfico como elemento de entrada Detectives
Subdivisión de forma Cuentos juveniles
700 1# - ASIENTO SECUNDARIO -- NOMBRE PERSONAL
Nombre personal Pastor, Luis,
Mención de responsabilidad traductor
700 1# - ASIENTO SECUNDARIO -- NOMBRE PERSONAL
Nombre personal Brinkmann, Gerhard,
Mención de responsabilidad ilustración
910 ## - VALIDACIÓN
Validación VMateo V. Control de calidad. BPMSU
942 ## - ADDED ENTRY ELEMENTS (KOHA)
Source of classification or shelving scheme Dewey Decimal Classification
Koha item type Libros
Existencias
Withdrawn status Lost status Source of classification or shelving scheme Damaged status Not for loan Collection code Home library Current library Date acquired Source of acquisition Total Checkouts Full call number Barcode Date last seen Price effective from Koha item type
    Dewey Decimal Classification     Colección General Biblioteca Pública Metropolitana Salomé Ureña Biblioteca Pública Metropolitana Salomé Ureña 07/20/2016 FUNDI   BPMSU CJG 833.91 E19h 1997 BPMSU16070551 07/20/2016 07/20/2016 Libros